<?xml version="1.0" encoding="UTF-8"?>
<record
    xmlns:xsi="http://www.w3.org/2001/XMLSchema-instance"
    xsi:schemaLocation="http://www.loc.gov/MARC21/slim http://www.loc.gov/standards/marcxml/schema/MARC21slim.xsd"
    xmlns="http://www.loc.gov/MARC21/slim">

  <leader>00787nam a22002057a 4500</leader>
  <datafield tag="999" ind1=" " ind2=" ">
    <subfield code="c">62559</subfield>
    <subfield code="d">62559</subfield>
  </datafield>
  <controlfield tag="005">20241206150600.0</controlfield>
  <controlfield tag="008">241206s2019    ru ||||| |||| 00| 0 rus d</controlfield>
  <datafield tag="020" ind1=" " ind2=" ">
    <subfield code="a">9785961413908x</subfield>
  </datafield>
  <datafield tag="041" ind1=" " ind2=" ">
    <subfield code="a">rus</subfield>
  </datafield>
  <datafield tag="080" ind1=" " ind2=" ">
    <subfield code="a">65.0(07) &#x424;-12</subfield>
  </datafield>
  <datafield tag="100" ind1=" " ind2=" ">
    <subfield code="a">&#x422;&#x44D;&#x43F;&#x43F;&#x438;&#x43D;&#x433;, &#x414;&#x43E;&#x43D; </subfield>
    <subfield code="9">23890</subfield>
  </datafield>
  <datafield tag="245" ind1=" " ind2=" ">
    <subfield code="a">5S &#x434;&#x43B;&#x44F; &#x43E;&#x444;&#x438;&#x441;&#x430; : </subfield>
    <subfield code="b">&#x442;. 10 /</subfield>
    <subfield code="c">&#x422;&#x43E;&#x43C;&#x430;&#x441; &#x424;&#x430;&#x431;&#x440;&#x438;&#x446;&#x438;&#x43E;, &#x414;&#x43E;&#x43D; &#x422;&#x44D;&#x43F;&#x43F;&#x438;&#x43D;&#x433;.</subfield>
  </datafield>
  <datafield tag="264" ind1=" " ind2=" ">
    <subfield code="a">&#x41C;&#x43E;&#x441;&#x43A;&#x432;&#x430; :</subfield>
    <subfield code="b">&#x421;&#x431;&#x435;&#x440;&#x431;&#x430;&#x43D;&#x43A;,</subfield>
    <subfield code="c">2019.</subfield>
  </datafield>
  <datafield tag="300" ind1=" " ind2=" ">
    <subfield code="a">257 &#x441;&#x442;&#x440;.:</subfield>
    <subfield code="b">&#x438;&#x43B;&#x43B;. ;</subfield>
    <subfield code="c">22 &#x441;&#x43C;.</subfield>
  </datafield>
  <datafield tag="440" ind1=" " ind2=" ">
    <subfield code="a">&#x431;&#x438;&#x431;&#x43B;&#x438;&#x43E;&#x442;&#x435;&#x43A;&#x430; &#x441;&#x431;&#x435;&#x440;&#x431;&#x430;&#x43D;&#x43A;&#x430;</subfield>
    <subfield code="9">23892</subfield>
  </datafield>
  <datafield tag="653" ind1=" " ind2=" ">
    <subfield code="a">&#x10E1;&#x10D0;&#x10DB;&#x10E3;&#x10E8;&#x10D0;&#x10DD; &#x10D0;&#x10D3;&#x10D2;&#x10D8;&#x10DA;&#x10D8;&#x10E1; &#x10DD;&#x10E0;&#x10D2;&#x10D0;&#x10DC;&#x10D8;&#x10D6;&#x10D4;&#x10D1;&#x10D0;</subfield>
  </datafield>
  <datafield tag="653" ind1=" " ind2=" ">
    <subfield code="a">&#x10DB;&#x10D4;&#x10DC;&#x10D4;&#x10EF;&#x10DB;&#x10D4;&#x10DC;&#x10E2;&#x10D8; </subfield>
  </datafield>
  <datafield tag="700" ind1=" " ind2=" ">
    <subfield code="a">&#x422;&#x43E;&#x43C;&#x430;&#x441;, &#x424;&#x430;&#x431;&#x440;&#x438;&#x446;&#x438;&#x43E;</subfield>
    <subfield code="e">&#x10D0;&#x10D5;&#x10E2;&#x10DD;&#x10E0;&#x10D8;</subfield>
    <subfield code="9">23891</subfield>
  </datafield>
  <datafield tag="942" ind1=" " ind2=" ">
    <subfield code="2">udc</subfield>
    <subfield code="c">&#x1CAC;&#x1C98;&#x1C92;&#x1C9C;&#x1C98;</subfield>
  </datafield>
  <datafield tag="952" ind1=" " ind2=" ">
    <subfield code="0">0</subfield>
    <subfield code="1">0</subfield>
    <subfield code="2">udc</subfield>
    <subfield code="4">0</subfield>
    <subfield code="6">65007_&#x424;12</subfield>
    <subfield code="7">0</subfield>
    <subfield code="9">101337</subfield>
    <subfield code="a">CPL</subfield>
    <subfield code="b">CPL</subfield>
    <subfield code="c">GEN</subfield>
    <subfield code="d">2024-12-06</subfield>
    <subfield code="g">213.00</subfield>
    <subfield code="o">65.0(07) &#x424;-12</subfield>
    <subfield code="p">69913</subfield>
    <subfield code="r">2024-12-06</subfield>
    <subfield code="t">69913</subfield>
    <subfield code="w">2024-12-06</subfield>
    <subfield code="y">&#x1CAC;&#x1C98;&#x1C92;&#x1C9C;&#x1C98;</subfield>
    <subfield code="z">213 &#x10DA;.</subfield>
  </datafield>
</record>
